01407nam a2200313 a 450000100100000000500170001000800410002702000180006804000250008608200160011110000440012724500720017125000110024326000260025430000210028050000570030150400330035865100560039165100550044765000460050265100540054865000500060265000260065270000400067895201280071895201130084695201190095999900150107800000685420250621074005.0090903s2009 dr 000 0 spa d a9789945866032 aDO-SdBNPbspacBNPHU a337.1bR4661 aReynoso Reynoso, Antonio,d1954-91903810aGlobalización :b¿fin de la ética? /cAntonio Reynoso Reynoso. a2a ed. aSanto Domingo,c2009. a198 p. ;c21 cm. aIncluye datos biográficos del autor en las solapas aBibliografías : p. 193-198 4aRepública DominicanaxPolítica Económica9643 4aRepública DominicanaxPolítica Comercial92986 4aGlobalizaciónxDesarrollo social919039 0aRepública DominicanaxPolítica y gobierno945 4aGlobalizaciónxAspectos económicos919040 0aGlobalización915241 aSoto, Nolberto Luis,epról.97789 001054708DSaGRbGRcCTd2009-09-03iLF1l0o337.1 R466p6854-30r2020-06-25te. 3w2020-06-25yLFDSZPréstamo en sala 0010718PDaPDbPDcCTd2009-09-03iLF1l0o337.1 R466p6854-10r2020-06-25w2020-06-25yLFPDZNo se presta 0010718PDaPDbPDcCTd2009-09-03iLF1l0o337.1 R466p6854-20r2020-06-25te. 2w2020-06-25yLFPDZNo se presta c6642d6642